Najpopularniejsze numery Rap/Trap tygodnia. 19-25.02 - Statystyki

Ogólne statystyki
  • Ten quiz został rozwiązany 21 razy
  • Średni wynik to 12 z 30
Statystyki odpowiedzi
Wykonawca Wyświetlenia Utwór % Poprawnych
Young Leosia 2.02M Szklanki
100%
Quebonafide ft. Daria Zawiałow 542K BUBBLETEA
68%
ReTo 566K Billy Kid
63%
Wiatr ft. Sobel, Be Vis 949K Testarossa
63%
Sobel 2.01M Alien
58%
Guzior 1.75M BLUEBERRY
58%
Guzior 1.37M FALA
58%
Sobel 1.06M Kinol
58%
Qry 721K Bierz do buzi
53%
Alberto 728K Dwutakt
47%
Kali x Major ft. PlanBe 607K California
42%
Kizo ft. Trill Pem 811K Fitness
42%
Żabson ft. Vladimir Cauchemar 722K OBOK
42%
PRO8L3M 678K V
42%
Bedoes & Lanek 503K Doda
37%
Wac Toja 489K Kapitan
37%
Kabe 1.21M Nad ranem
37%
Florek ft. Młodypago, Piluś 576K Buzi
32%
Szpaku ft. Dziarma 412K Wino
32%
Szpaku ft. Zdechły Osa 403K Zły
32%
Cheatz 977K gdzie jest stary dawid
26%
Kali x Major 461K Mona Lisa
26%
Tymek, Kuba Karaś, Urbanski 430K Oczko w głowie
26%
RIP SCOTTY & LEEO ft. Szpaku 470K Borderline
21%
Bedoes & Lanek 433K City Boy
21%
Kali x Major 918K Si
21%
Bedoes & Lanek 540K TOA$T /
21%
KęKę 571K Nadal jestem tu
11%
Nizioł ft. Dedis, Lukasyno 548K Nadzieja
11%
Kubańczyk 634K Z nieba
11%
Nie znaleziono quizów pasujących do podanych kryteriów
Rozkład punktacji
Procent ludzi z każdym wynikiem
Percentyl według liczby udzielonych odpowiedzi
Twoja historia wyników
Nie rozwiązałeś tego quizu